Eschborn Quiz 2024 - Statistiken

Allgemein
  • Dieses Quiz wurde 8 mal gespielt
  • Das Durchschnittsergebnis liegt bei 6 aus 15
Antwortstatistiken
Hint Antwort % Korrekt
Welchen Stadtteil hat Eschborn 1971 annektiert? Niederhöchstadt
83%
Welche Bahnlinien fahren durch Eschborn? S3,S4
83%
Im welchem Landkreis liegt die Metropole? Main-Taunus-Kreis
67%
Wie heißt das nahe gelegene Einkaufszentrum bei Eschborn? Main-Taunus-Zentrum
67%
Was war der Erfolgreichste Fußballverein in Eschborn? 1. FC Eschborn
50%
Wie lautet die Postleitzahl von Eschborn? 65760
50%
Wie heißt der Eschborner Bürgermeister? (2024) Adnan Shaikh
50%
Wie heißt der Dönerladen am Rathaus? Edessa
50%
Welche Firma hat 2024 ihren Sitz nach Eschborn verlegt? Samsung
33%
Welcher bekannte Schriftsteller wurde in Eschborn einquartiert? Heinrich von Kleist
17%
Wie heißt der bekannte Park in Eschborn Skulpturenpark
17%
Wie heißen die Eschborner Bahnhöfe? Eschborn Bahnhof,Eschborn-Niederhöchstadt, Eschborn Süd
0%
Wie heißen die Fünf Gewerbegebiete in Eschborn? Gewerbegebiet West,Gewerbegebiet Ost, Gewerbegebiet Süd, Helfmann Park, Camp-Phönix Park
0%
Welche Städte grenzen an Eschborn? Kronberg,Schwalbach, Steinbach, Frankfurt
0%
In Welchen Ländern hat Eschborn Partnerstädte? Portugal,Frankreich, Malta
0%
Keine übereinstimmenden Quizze gefunden
Verteilung der Resultate
Anzahl Personen mit jedem Resultat
Perzentil nach korrekt beantworteten Fragen
Ihre Resultats-Entwicklung
Sie haben dieses Quiz noch nicht gespielt